<?xml version="1.0" encoding="UTF-8"?>
<record
    xmlns:xsi="http://www.w3.org/2001/XMLSchema-instance"
    xsi:schemaLocation="http://www.loc.gov/MARC21/slim http://www.loc.gov/standards/marcxml/schema/MARC21slim.xsd"
    xmlns="http://www.loc.gov/MARC21/slim">

  <leader>01109nam a2200241 a 4500</leader>
  <controlfield tag="001">000042932</controlfield>
  <controlfield tag="005">20201002040516.0</controlfield>
  <controlfield tag="008">140213s20uu    sp acf        000 0 spa d</controlfield>
  <datafield tag="020" ind1=" " ind2=" ">
    <subfield code="a">8472328627</subfield>
  </datafield>
  <datafield tag="040" ind1=" " ind2=" ">
    <subfield code="a">DO-SdBNP</subfield>
    <subfield code="b">spa</subfield>
    <subfield code="c">BNPHU</subfield>
  </datafield>
  <datafield tag="041" ind1="1" ind2="7">
    <subfield code="a">spa</subfield>
    <subfield code="b">pol</subfield>
  </datafield>
  <datafield tag="245" ind1="0" ind2="0">
    <subfield code="a">Cabo Verde. :</subfield>
    <subfield code="b">Fortalezas, gente e paisagem=Fortalezas, gente y paisaje /</subfield>
    <subfield code="c">fotograf&#xED;as, Yasmina C&#xE1;ceres Guti&#xE9;rrez, Jes&#xFA;s couso Tapia, Carlos Garc&#xED;a Pe&#xF1;a, Jorge de Juan Ares, Guillermo S&#xE1;nchez Gil, Laboratorio Praia-Color; traducci&#xF3;n, Santiago Figueiredo, Rafael Valladares.</subfield>
  </datafield>
  <datafield tag="260" ind1=" " ind2=" ">
    <subfield code="a">[Madrid], :</subfield>
    <subfield code="b">Agencia Espa&#xF1;ola de Cooperaci&#xF3;n Internacional,</subfield>
    <subfield code="c">[20??].</subfield>
  </datafield>
  <datafield tag="300" ind1=" " ind2=" ">
    <subfield code="a">290 p. :</subfield>
    <subfield code="b">il., retrs., lam. ;</subfield>
    <subfield code="c">33 cm.</subfield>
  </datafield>
  <datafield tag="504" ind1=" " ind2=" ">
    <subfield code="a">Bibliograf&#xED;a p: 214-238</subfield>
  </datafield>
  <datafield tag="500" ind1=" " ind2=" ">
    <subfield code="a">Selecci&#xF3;n de textos y fotograf&#xED;as: Carlos Garc&#xED;a Pe&#xF1;a</subfield>
  </datafield>
  <datafield tag="700" ind1="1" ind2=" ">
    <subfield code="a">Garc&#xED;a Pe&#xF1;a, Carlos</subfield>
    <subfield code="e">fot.</subfield>
    <subfield code="9">70411</subfield>
  </datafield>
  <datafield tag="700" ind1="1" ind2=" ">
    <subfield code="a">C&#xE1;ceres Guti&#xE9;rrez, Yasmina</subfield>
    <subfield code="e">fot.</subfield>
    <subfield code="9">70412</subfield>
  </datafield>
  <datafield tag="700" ind1="1" ind2=" ">
    <subfield code="a">Couso Tapia, Jes&#xFA;s</subfield>
    <subfield code="e">fot.</subfield>
    <subfield code="9">70413</subfield>
  </datafield>
  <datafield tag="700" ind1="1" ind2=" ">
    <subfield code="a">Juan Ares, Jorge de</subfield>
    <subfield code="e">fot.</subfield>
    <subfield code="9">70414</subfield>
  </datafield>
  <datafield tag="700" ind1="1" ind2=" ">
    <subfield code="a">S&#xE1;nchez Gil, Guillermo</subfield>
    <subfield code="e">fot.</subfield>
    <subfield code="9">70415</subfield>
  </datafield>
  <datafield tag="710" ind1="2" ind2=" ">
    <subfield code="a">Laboratorio Praia-Color</subfield>
    <subfield code="9">70416</subfield>
  </datafield>
  <datafield tag="952" ind1=" " ind2=" ">
    <subfield code="0">0</subfield>
    <subfield code="1">0</subfield>
    <subfield code="5">0</subfield>
    <subfield code="7">1</subfield>
    <subfield code="8">MO</subfield>
    <subfield code="a">GR</subfield>
    <subfield code="b">GR</subfield>
    <subfield code="c">CT</subfield>
    <subfield code="d">2014-02-13</subfield>
    <subfield code="i">LF1</subfield>
    <subfield code="l">0</subfield>
    <subfield code="o"> </subfield>
    <subfield code="p">42932-10</subfield>
    <subfield code="r">2020-06-25</subfield>
    <subfield code="w">2020-06-25</subfield>
    <subfield code="y">1</subfield>
    <subfield code="Z">No se presta</subfield>
  </datafield>
  <datafield tag="999" ind1=" " ind2=" ">
    <subfield code="c">42421</subfield>
    <subfield code="d">42421</subfield>
  </datafield>
</record>
